Estadísticas para Banderas de Países #1

Haz click aquí para tomar la prueba!

Estadísticas generales

  • Esta prueba ha sido tomada 15,219 veces
  • La puntuación promedio es 18 de 20

Estadísticas de respuestas

Answer % Correcto
Estados Unidos
99%
Brasil
98%
Canadá
97%
Italia
96%
Japón
96%
Francia
96%
Reino Unido
96%
China
96%
México
95%
Australia
93%
Israel
92%
Grecia
89%
Suecia
88%
Jamaica
87%
Rusia
86%
Irlanda
83%
Noruega
83%
Países Bajos
83%
Sudáfrica
80%
Irán
78%

Distribución de puntuación

Porcentaje por número respondido

Porcentaje de gente con cada puntuación

Historial de tus puntuaciones

No has tomado esta prueba